| 000 | 03708nam a2200325 a 4500 | ||
|---|---|---|---|
| 001 | 000012899 | ||
| 005 | 20240306073902.0 | ||
| 008 | 091117s2001 dr ac 000 0 spa d | ||
| 020 | _a8482614061 (v. 1) | ||
| 020 | _a848261407X (v. 2) | ||
| 020 | _a8482614088 (v. 3) | ||
| 020 | _a8482614096 (v. 4) | ||
| 040 |
_aDO-SdBNP _bspa _cBNPHU |
||
| 082 |
_axxxx _bR382 |
||
| 100 | 1 |
_aRodríguez, Federico _929575 |
|
| 245 | 1 | 0 |
_aReligión : _beducación media / _cFederico Rodríguez ; dirección editorial Obdulia García de Escobar ; ilustración Ruddy Núñez. |
| 260 |
_aSanto Domingo : _bSantillana, _c2001. |
||
| 300 |
_a4 v. : _bil., retrs. ; _c28 cm. |
||
| 490 | 1 | _aUmbral | |
| 500 | _aEducación media. | ||
| 500 | _aFormación integral, humana y religiosa. | ||
| 500 | _aEste libro ha sido realizado de conformidad con el currículum vigente y ha sido sometido a la aprobación de la SEE | ||
| 505 | 0 |
_av. 1 : _g1er. curso/ 1er. ciclo -- _gunidad 1 -- _tLos orígenes de Israel -- _gunidad 2 -- _tLos patriarcas -- _gunidad 3 -- _tEl éxodo y la alianza -- _gunidad 4 -- _tJueces y reyes. Cautividad en Babilonia -- _gunidad 5 -- _tLa vuelta del exilio. El mesianismo -- _gunidad 6 -- _tLa biblia: historia de salvación -- _gunidad 7 -- _tLos libros del antiguo testamento -- _gunidad 8 -- _tLos libros del nuevo testamento -- _gunidad 9 -- _tLa interpretación de la biblia -- _gunidad 10 -- _tLa biblia y la vida cristiana -- |
|
| 505 | 0 |
_av. 2 : _g1er. curso/ 1er. ciclo -- _gunidad 1 -- _tIsrael en tiempos de Jesús -- _gunidad 2 -- _tJesús personaje histórico -- _gunidad 3 -- _tJesús el Mesías anunciado -- _gunidad 4 -- _tEl mensaje de Jesús -- _gunidad 5 -- _tJesús, centro de la fe cristiana -- _gunidad 6 -- _tLos cristianos continuadores de la obra de Jesús -- _gunidad 7 -- _tLa comunidad, animada por el Espíritu -- _gunidad 8 -- _tLa iglesia, sacramento de la salvación. La Eucaristía -- _gunidad 9 -- _tLos sacramentos de iniciación y de curación -- _gunidad 10 -- _tLos sacramentos al servicio de la comunidad -- |
|
| 505 | 0 |
_av. 3 : _g1er. curso/2do. ciclo -- _gunidad 1 -- _tLas grandes preguntas -- _gunidad 2 -- _t¿Qué es la religión? -- _gunidad 3 -- _tLa religión y los mitos -- _gunidad 4 -- _tAteos y creyentes -- _gunidad 5 -- _tReligión y sociedad -- _gunidad 6 -- _tPasado y presente de las religiones -- _gunidad 7 -- _tLas religiones orientales -- _gunidad 8 -- _tEl Islam -- _gunidad 9 -- _tEl judaísmo -- _gunidad 10 -- _tEl cristianismo -- _gunidad 11 -- _tLas primeras comunidades cristianas -- _gunidad 12 -- _tLa iglesia hasta el siglo V -- _gunidad 13 -- _tLa iglesia en la edad media -- _gunidad 14 -- _tLa iglesia desde el siglo XVI hasta el siglo XIX -- _gunidad 15 -- _tLa iglesia en el siglo XX -- _gunidad 16 -- _tMaría, Madre de Dios -- |
|
| 505 | 0 |
_av. 4 : _g2do. curso/2do. ciclo -- _gunidad 1 -- _tRazones para creer -- _gunidad 2 -- _tConocer mejor la Biblia -- _gunidad 3 -- _tLa fe en Jesucristo resucitado -- _gunidad 4 -- _tLa fe en la divinidad de Jesús -- _gunidad 5 -- _tLa salvación cristiana -- _gunidad 6 -- _tUna comunidad de hermanos -- _gunidad 7 -- _tUna historia de luces y sombras -- _gunidad 8 -- _tUnos símbolos como expresión de la vida -- _gunidad 9 -- _tUn sacramento para cada momento esencial de la vida -- _gunidad 10 -- _tUn compromiso con la sociedad y con el mundo -- _gunidad 11 -- _tMoral del matrimonio y la familia -- _gunidad 12 -- _tMoral de la vida humana -- _gunidad 13 -- _tPersona, afectiva y sexualidad -- _gunidad 14 -- _tMoral de los bienes materiales -- _gunidad 15 -- _tMoral de la política -- _gunidad 16 -- _tMoral de la cultura y de la ciencia -- |
|
| 700 | 1 |
_aGarcía Escobar, Obdulia de _edir. ed. _929220 |
|
| 700 | 1 |
_aNúñez, Ruddy, _eil. _923171 |
|
| 830 | 0 |
_aUmbral _929222 |
|
| 999 |
_c12547 _d12547 |
||